00534 2200181 4500001002100000005001500021008004100036035002500077041000800102082001200110090001200122100003200134245009500166250001600261260003600277300002600313650001300339INLIS00000000000782820130515194150 ind  a0010-051300000007828 aind a297.216 a297.216 aMuhammad Hamzah, As-Sa'dawi aMenyaksikan 35 Mukjizat Rasulullah SAW c.4 / editor, Masyhud,; penerjemah, Salim, Bahreisy aCetakan : 5 aJakartabPutaka Progresifc2002 ax, 196 hlm. ;18,5 cm. aMukjizat